00606cam a22001692 4500001001100000005001700011008004100028040001500069110006100084245008500145250001300230260004200243300001800285610006700303610006300370852000300433000002482720151217155917.0140212s xx 000 0 eng d aKABUcKABU2 aKenya.bMinistry of Devolution and Planning.@000018505810aTharaka Nithi County development profile /cMinistry of Devolution and Planning. a1st ed. aNairobi :bGovernment Printer,c2013. axviii, 148 p.20aTharaka Nithi County (Kenya)xEconomic conditions.@000018509520aTharaka Nithi County (Kenya)xEconomic policy.@00001850951